Call of Duty Games - Statistics

General Stats
  • This quiz has been taken 31 times
  • The average score is 16 of 22
Answer Stats
Year Game % Correct
2003 Call of Duty
100%
2005 Call of Duty 2
93%
2006 Call of Duty 3
93%
2007 Call of Duty 4: Modern Warfare
86%
2010 Black Ops
82%
2012 Black Ops II
82%
2009 Modern Warfare 2
82%
2011 Modern Warfare 3
82%
2015 Black Ops III
79%
2014 Advanced Warfare
75%
2018 Black Ops 4
75%
2013 Ghosts
75%
2008 World at War
75%
2016 Infinite Warfare
71%
2017 WWII
68%
2024 Black Ops 6
64%
2025 Black Ops 7
64%
2019 Modern Warfare
64%
2021 Vanguard
61%
2020 Black Ops Cold War
57%
2022 Modern Warfare II
57%
2023 Modern Warfare III
54%
No matching quizzes found
Score Distribution
Percent of People with Each Score
Percentile by Number Answered
Your Score History
You have not taken this quiz